Homonna Barkai vár : Előlröl : Oldalról

Zobrazenie: Na bielom podklade jeden pohľad spredu na zrúcaninu hradu a jeden pohľad z boku na zrúcaninu hradu, pri ktorej na tráve sedí rodinka s tromi deťmi

Bibliographic Details
Format: Photo
Language:Hungarian
PhysicalDescription:1 pohľadnica (2 čiastkové pohľady) čiernobiela 9 x 14 cm
Published: Homonna Hossza Gyula kiadása [1923?]
Subjects:

MARC

LEADER 00000ckm a2200000 a 4500
001 vtls009151058
003 SK-MaSNL
005 20260301050730.0
007 kf bo
008 240703q1923 xo g kuhun
015 |a SNBG1923 
035 |a 643DA965-B539-4BCC-BC39-304A83DD95F7 
035 |a urn:nbn:sk:snk-km004z36 
035 |a urn:nbn:sk:snk-kmtgu6 
040 |a SNK  |b slo  |c SNK  |e AACR2 
041 0 |a hun 
043 |a e-xo--- 
044 |a xo  |c SK 
072 7 |a 913  |x Regionálna geografia  |2 konspekt 
080 |a 728.81  |2 2001 
080 |a (437.6)  |2 2001 
080 |a (084.121)  |2 2001 
080 |a 913(437.6)  |2 2011 
080 |a 904:72/7.025.21  |2 2011 
080 |a 728.81  |2 2011 
080 |a 904(084.121)  |2 2011 
245 0 0 |a Homonna  |h grafika  |b Barkai vár : Előlröl : Oldalról 
260 |a Homonna  |b Hossza Gyula kiadása  |c [1923?] 
300 |a 1 pohľadnica (2 čiastkové pohľady)  |b čiernobiela  |c 9 x 14 cm 
500 |a Názvové údaje prevzaté z obrazovej časti dokumentu 
520 8 |a Zobrazenie: Na bielom podklade jeden pohľad spredu na zrúcaninu hradu a jeden pohľad z boku na zrúcaninu hradu, pri ktorej na tráve sedí rodinka s tromi deťmi 
610 1 7 |a Brekov (Slovensko : hrad)  |2 SNKKA  |9 51197 
650 0 7 |a hrady  |2 SNKPH  |9 3039 
650 0 7 |a kultúrne pamiatky  |2 SNKPH  |9 2862 
650 0 7 |a zrúcaniny historických objektov  |2 SNKPH  |9 105150 
651 7 |a Brekov (Slovensko)  |2 SNKKAgeo  |9 30734 
655 7 |a miestne pohľadnice  |2 SNKPH  |9 70510 
655 7 |a pohľadnice kultúrnych pamiatok  |2 SNKPH  |9 70523 
852 |a Slovenská národná knižnica 
958 |a EUIPO 
958 |a GBN 
958 |a GC 
958 |a OND 
999 |c 601656  |d 603586 
952 |a SNK  |b SNK  |y PREZ  |7 0  |p 17A0565214  |o snkSP 132107  |3 rekatalogizácia  |0 0  |1 0  |4 0  |d 2007-10-18  |f 1  |l 0  |r 2026-02-23 15:56:56  |w 2026-02-23